[Event "Novosibirsk Polyak Memorial op"]
[Site "Novosibirsk"]
[Date "2010.01.29"]
[Round "9"]
[White "Khoroshev, Sergey"]
[Black "Geraschenko, Vladimir"]
[Result "1-0"]
[WhiteElo "2153"]
[BlackElo "1823"]
[PlyCount "89"]
[EventDate "2010.01.11"]
[EventType "swiss"]
[EventRounds "9"]
[EventCountry "RUS"]
[SourceTitle "EXT 2011"]
[Source "ChessBase"]
[SourceDate "2010.11.26"]
[SourceVersion "1"]
[SourceVersionDate "2010.11.26"]
[SourceQuality "1"]

1. d4 d5 2. c4 e6 3. Nc3 Nf6 4. cxd5 exd5 5. Bg5 Be7 6. e3 0-0 7. Qc2 Nc6 8. a3 Nh5 9. Bxe7 Nxe7 10. Bd3 f5 11. 0-0-0 Nf6 12. Nf3 Ne4 13. Ne5 c5 14. f3 Nxc3 15. Qxc3 c4 16. Bc2 Qd6 17. Qb4 Qxb4 18. axb4 Be6 19. f4 Rac8 20. Kd2 Rc7 21. Ra1 a6 22. Ra5 Nc8 23. b5 axb5 24. Rxb5 Nd6 25. Rb6 Rd8 26. Ra1 h6 27. h4 Bf7 28. g4 g6 29. h5 gxh5 30. gxf5 Kg7 31. Rg1+ Kf6 32. Nxf7 Kxf7 33. Rg6 c3+ 34. Kd1 Nc4 35. Rbf6+ Ke7 36. Re6+ Kd7 37. bxc3 b5 38. Ke2 Kc8 39. f6 Ra7 40. Bb3 Ra3 41. Bxc4 dxc4 42. Rg7 Rxc3 43. f7 Rc2+ 44. Kf3 c3 45. Re8 1-0

[Event "Novosibirsk Polyak Memorial op"]
[Site "Novosibirsk"]
[Date "2010.01.27"]
[Round "8"]
[White "Dolgusheva, Izabella"]
[Black "Geraschenko, Vladimir"]
[Result "1-0"]
[WhiteElo "2040"]
[BlackElo "1823"]
[PlyCount "111"]
[EventDate "2010.01.11"]
[EventType "swiss"]
[EventRounds "9"]
[EventCountry "RUS"]
[SourceTitle "EXT 2011"]
[Source "ChessBase"]
[SourceDate "2010.11.26"]
[SourceVersion "1"]
[SourceVersionDate "2010.11.26"]
[SourceQuality "1"]

1. d4 d5 2. c4 e6 3. Nf3 Nf6 4. g3 c6 5. Qc2 Bb4+ 6. Bd2 Qa5 7. a3 Na6 8. Bg2 Ne4 9. 0-0 Nxd2 10. Nbxd2 Be7 11. b4 Qd8 12. e4 0-0 13. Rac1 Nc7 14. Rfd1 f5 15. e5 dxc4 16. Qxc4 Nd5 17. Nb3 Qe8 18. Nc5 b6 19. Nd3 Bb7 20. Nf4 Qf7 21. Qe2 a5 22. Nxd5 cxd5 23. Rc7 Bc8 24. Rdc1 axb4 25. axb4 Qe8 26. Qd2 Qd8 27. h4 h6 28. Ne1 Bd7 29. Nd3 Ra4 30. Rb7 Bc8 31. Rb8 Qd7 32. Rxb6 Qa7 33. Rbc6 Bd7 34. Rc7 Qxd4 35. Rxd7 Bxb4 36. Qd1 Ba5 37. Nc5 Qxd1+ 38. Rxd1 Ra2 39. Nxe6 Bb6 40. Nxf8 Kxf8 41. Bxd5 Rxf2 42. Kh1 Re2 43. e6 Re3 44. Rf7+ Kg8 45. e7 Kh7 46. Bc6 Rxg3 47. e8Q Rh3+ 48. Kg2 Rxh4 49. Rxg7+ Kxg7 50. Rd7+ Kf6 51. Qe7+ Kg6 52. Rd6+ Kh5 53. Bf3+ Rg4+ 54. Bxg4+ fxg4 55. Qe5+ Kh4 56. Rxh6# 1-0

[Event "Novosibirsk November op"]
[Site "Novosibirsk"]
[Date "2009.11.16"]
[Round "1"]
[White "Kazachansky, Sergei"]
[Black "Geraschenko, Vladimir"]
[Result "1-0"]
[WhiteElo "2082"]
[BlackElo "1853"]
[PlyCount "56"]
[EventDate "2009.11.16"]
[EventType "swiss"]
[EventRounds "9"]
[EventCountry "RUS"]
[SourceTitle "EXT 2011"]
[Source "ChessBase"]
[SourceDate "2010.11.26"]
[SourceVersion "1"]
[SourceVersionDate "2010.11.26"]
[SourceQuality "1"]

1. Nf3 e6 2. c4 Nf6 3. d4 d5 4. g3 c6 5. Bg2 Bb4+ 6. Bd2 Qa5 7. 0-0 Ne4 8. Bf4 Bd6 9. Bxd6 Nxd6 10. Nbd2 dxc4 11. Qc2 Qb5 12. Ne5 Nd7 13. Nexc4 Nxc4 14. Nxc4 0-0 15. Rfd1 Nb6 16. Nd6 Qb4 17. Ne4 Qe7 18. Nc5 e5 19. dxe5 Qxe5 20. e4 Qe7 21. f4 Bg4 22. Re1 Rad8 23. f5 Rfe8 24. h3 Bxf5 25. exf5 Qxe1+ 26. Rxe1 Rxe1+ 27. Kh2 Rde8 28. Bf3 R1e3 1-0

[Event "Novosibirsk November op"]
[Site "Novosibirsk"]
[Date "2008.11.27"]
[Round "7"]
[White "Geraschenko, Vladimir"]
[Black "Ragozin, Andrei"]
[Result "1-0"]
[WhiteElo "1818"]
[BlackElo "2046"]
[PlyCount "70"]
[EventDate "2008.11.20"]
[EventType "swiss"]
[EventRounds "9"]
[EventCountry "RUS"]
[SourceTitle "EXT 2022"]
[Source "ChessBase"]
[SourceDate "2021.10.06"]
[SourceVersion "1"]
[SourceVersionDate "2021.10.06"]
[SourceQuality "1"]

1. e4 e5 2. Nf3 Nc6 3. Bc4 Bc5 4. d3 Nf6 5. 0-0 d6 6. Be3 Bb6 7. c3 0-0 8. Nbd2 Be6 9. Bxe6 fxe6 10. d4 exd4 11. cxd4 d5 12. e5 Nd7 13. Nb3 Qe8 14. Rc1 Ne7 15. Nh4 Ng6 16. Qg4 Nxh4 17. Qxh4 c6 18. Qg3 Qf7 19. Qg4 Qf5 20. Qxf5 Rxf5 21. f4 h5 22. Bd2 Raf8 23. Bb4 R8f7 24. g3 g5 25. Bd2 gxf4 26. Bxf4 Nxe5 27. Bxe5 Rxe5 28. Rc2 Re4 29. Rd2 e5 30. Rfd1 a5 31. a4 Re3 32. Rd3 Rff3 33. Nc5 Rxd3 34. Nxd3 Bxd4+ 35. Kg2 Rf7 1-0

[Event "Novosibirsk November op"]
[Site "Novosibirsk"]
[Date "2008.11.24"]
[Round "3"]
[White "Geraschenko, Vladimir"]
[Black "Ignatov, Anatoly"]
[Result "1-0"]
[WhiteElo "1818"]
[BlackElo "1973"]
[PlyCount "85"]
[EventDate "2008.11.20"]
[EventType "swiss"]
[EventRounds "9"]
[EventCountry "RUS"]
[SourceTitle "EXT 2022"]
[Source "ChessBase"]
[SourceDate "2021.10.06"]
[SourceVersion "1"]
[SourceVersionDate "2021.10.06"]
[SourceQuality "1"]

1. c4 Nf6 2. Nc3 g6 3. g3 Bg7 4. Bg2 0-0 5. Nf3 d6 6. 0-0 e5 7. d3 c6 8. Rb1 Nh5 9. Bg5 f6 10. Bd2 f5 11. b4 Nd7 12. b5 Qe8 13. bxc6 bxc6 14. Ng5 Nc5 15. Nd5 Qd7 16. Be3 Nf6 17. Bxc5 cxd5 18. Ba3 h6 19. Nf3 Bb7 20. Bxd6 Qxd6 21. Rxb7 dxc4 22. dxc4 Qc5 23. Qa4 e4 24. Nh4 Kh7 25. Rd1 Rfe8 26. Bf1 Re7 27. Rxe7 Qxe7 28. Ng2 Qc5 29. Nf4 Re8 30. Nd5 Re5 31. Qb3 g5 32. Qb7 Kg6 33. Qa6 Qf8 34. Qxa7 Re8 35. c5 Ra8 36. Qb6 Rxa2 37. c6 Rc2 38. c7 Kh5 39. e3 Nxd5 40. Rxd5 Qc8 41. Rc5 Rxc5 42. Be2+ g4 43. Qxc5 1-0

[Event "Novosibirsk April op"]
[Site "Novosibirsk"]
[Date "2008.04.08"]
[Round "4"]
[White "Garder, Igor"]
[Black "Geraschenko, Vladimir"]
[Result "1-0"]
[WhiteElo "2284"]
[BlackElo "1807"]
[PlyCount "78"]
[EventDate "2008.04.05"]
[EventType "swiss"]
[EventRounds "9"]
[EventCountry "RUS"]
[SourceTitle "EXT 2010"]
[Source "ChessBase"]
[SourceDate "2010.11.25"]
[SourceVersion "1"]
[SourceVersionDate "2010.11.25"]
[SourceQuality "1"]

1. c4 c5 2. Nf3 Nc6 3. d4 cxd4 4. Nxd4 Nf6 5. Nc3 e5 6. Ndb5 d6 7. e4 a6 8. Na3 Be6 9. Be2 Be7 10. Be3 0-0 11. 0-0 Ne8 12. Nd5 f5 13. exf5 Bxf5 14. Nc2 Bg5 15. Bb6 Qd7 16. Nce3 Be6 17. Qd3 Rc8 18. Rad1 Ne7 19. b3 Nxd5 20. cxd5 Bf5 21. Nxf5 Qxf5 22. Qxf5 Rxf5 23. Bg4 g6 24. Bxf5 gxf5 25. Be3 f4 26. Rc1 Rc7 27. Bb6 Rf7 28. Rc8 Kf8 29. f3 Rd7 30. Rd1 Kf7 31. Kf1 Be7 32. Ke2 Bh4 33. a4 Be7 34. Kd3 Nf6 35. Kc4 Ne8 36. b4 Bh4 37. b5 axb5+ 38. axb5 Be7 39. Ra8 h5 1-0